000 01228nam0a2200301 4500
001 RU\NLR\bibl\1111816
005 20250615061820.0
010 _a5-89424-030-1
_95000
021 _aRU
_b2007-39244
_92100
035 _a(NLR Aleph) 001098851
090 _a1165275
_c1165275
100 _a20070723d2007 |||y0rusy50 ca
101 0 _arus
102 _aRU
105 _ay |||||||||
200 1 _aБожья аптека
_iЛечение сердечно-сосудистой системы
_f[авт.-сост. Киянова И.В.]
210 _aМосква
_cПравославное братство святого апостола Иоанна Богослова
_d2007
215 _a91, [2] с.
_d21
606 0 _aСердечно-сосудистая система
_xБолезни
_xТерапия народными средствами
_92354796
_3RU\NLR\auth\661406601
606 0 _aСердечно-сосудистая система
_xБолезни
_xФитотерапия
_91650712
_3RU\NLR\auth\661029191
686 _aР410-5
702 1 _aКиянова
_bИ. В.
_4220
801 0 _aRU
_bNLR
_c20041029
_gPSBO
801 1 _aRU
_bNLR
_c20041029
942 _cBOOK
980 _aNB